Logo BPK

Biblioteka

Politechniki Koszalińskiej

Zagraniczna polityka naukowo-techniczna Polski / (Rekord nr 28868)

Szczegóły MARC
000 -ETYKIETA REKORDU
podpole kontrolne o stałej długości 00471nam a2200169 i 4500
001 - NUMER KONTROLNY REKORDU
pole kontrolne bg
040 ## - ŹRÓDŁO KATALOGOWANIA
Instytucja, która utworzyła rekord BPK
041 ## - KOD JĘZYKA
Kod języka tekstu pol
080 ## - UNIWERSALNA KLASYFIKACJA DZIESIĘTNA - UKD
UKD 001.89:501:62](438)"19"
008 - POLE O STAŁEJ DŁUGOŚCI - DANE KONTROLNE
podpole kontrolne o stałej długości s pl f |000 0 pol
100 1# - NAZWA OSOBOWA
Nazwa osobowa MONKIEWICZ, Grażyna
245 #0 - TYTUŁ/ODPOWIEDZIALNOŚĆ
Tytuł Zagraniczna polityka naukowo-techniczna Polski /
Pozostałe elementy strefy tytułu i oznaczenia odpowiedzialności G. Monkiewicz, J. Monkiewicz, J. Ruszkiewicz.
260 ## - STREFA ADRESU WYDAWNICZEGO
Miejsce wydania Wrocław,
Data publikacji, dystrybucji/powstania dokumentu 1989.
700 1# - HASŁO DODATKOWE - NAZWA OSOBOWA
Nazwa osobowa MONKIEWICZ, Jan
700 1# - HASŁO DODATKOWE - NAZWA OSOBOWA
Nazwa osobowa RUSZKIEWICZ, Jerzy
856 ## - LOKALIZACJA I DOSTĘP DO ELEKTRONICZNYCH DOKUMENTÓW ZDALNYCH
Link (URL) http://koha.tu.koszalin.pl/cgi-bin/koha/opac-detail.pl?biblionumber=28868
Tekst linku Katalog online BPK
942 ## - DODATKOWE ELEMENTY (KOHA)
Typ dokumentu Książka
Egzemplarze
Wycofany Status egzemplarza Uszkodzony Dostępność Lokalizacja stała Lokalizacja bieżąca Miejsce przechowywania Sygnatura Kod kreskowy Typ dokumentu
      Dostępny Biblioteka Politechniki Koszalińskiej Biblioteka Politechniki Koszalińskiej Wypożyczalnia BG 34790 01609752 Książka
© 2023 Biblioteka Politechniki Koszalińskiej :: KOHA